| 000 | 00773cab a22002055a 4500 | ||
|---|---|---|---|
| 001 | L153375 | ||
| 008 | 110718s2011 xxk f g 000 0 eng d | ||
| 035 | _a(Sirsi) u153375 | ||
| 041 | 0 | _aeng | |
| 100 | 1 | _aChao-Duivis, M. A. B. | |
| 245 | 0 | 0 | _aSome legal aspects of BIM in establishing a collaborative relationship |
| 260 | _c2011 | ||
| 490 |
_aInternational Construction Law Review _v28 (3) July 2011, 264-274(11) |
||
| 520 | _aWorking with Building Information Modelling has many different legal aspects. Looks at the need for new contractual documents, liability, procurement law, and tenderers all from a Dutch point of view. | ||
| 650 | 2 | 4 | _aBUILDING INFORMATION MODELLING |
| 650 | 2 | 4 |
_aBIM _96219 |
| 651 | 4 | _aNetherlands | |
| 690 |
_aBIM _96219 |
||
| 942 | _n0 | ||
| 999 |
_c83268 _d83268 |
||